MARC

LEADER 00000nam0a2200000 4500
001 268060
005 20231101234132.0
035 |a (RuTPU)RU\TPU\book\291187 
090 |a 268060 
100 |a 20140826d1987 k y0rusy50 ca 
101 0 |a rus 
102 |a RU 
105 |a y z 001zy 
200 1 |a Информационное моделирование научно-технических программ  |f Г. Г. Балаян  |g Академия наук СССР (АН СССР), Центральный экономико-математический институт (ЦЭМИ) 
210 |a Москва  |c Наука  |d 1987 
215 |a 200 с. 
225 1 |a Проблемы советской экономики 
320 |a Библиогр.: с. 195-197. 
606 1 |a Технический прогресс, научный  |2 stltpush  |3 (RuTPU)RU\TPU\subj\74788  |9 86794 
610 1 |a информационное моделирование 
610 1 |a научно-технические программы 
610 1 |a целевые программы 
610 1 |a управление 
610 1 |a информационное обеспечение 
675 |a 62.001.7  |v 3 
700 1 |a Балаян  |b Г. Г. 
712 0 2 |a Академия наук СССР (АН СССР)  |b Центральный экономико-математический институт (ЦЭМИ)  |c (Москва)  |2 stltpush  |3 (RuTPU)RU\TPU\col\11797 
801 1 |a RU  |b 63413507  |c 20140826 
801 2 |a RU  |b 63413507  |c 20151123  |g RCR 
942 |c BK